Deutsche, die bei den Olympischen Spielen2024 Medaillen gewonnen haben - Statistiken

Allgemein
  • Dieses Quiz wurde 38 mal gespielt
  • Das Durchschnittsergebnis liegt bei 13 aus 33
Antwortstatistiken
Sportart Name % Korrekt
Schwimmen Lukas Märtens
66%
Fußball Nicole Anyomi|Ann-Katrin Berger| Jule Brand| Klara Bühl| Sara Doorsoun| Vivien Endemann| Laura Freigang| Merle Frohms| Giulia Gwinn| Marina Hegering| Kathrin Hendrich| Sarai Linder| Sydney Lohmann| Janina Minge| Sjoeke Nüsken| Alexandra Popp| Felicitas Rauch| Lea Schüller| Bibiane Schulze Solano| Elisa Senß
66%
Reiten Isabell Werth
62%
Reiten Jessica von Bredow-Werndl
Frederic Wandres
Isabell Werth
62%
Leichtathletik Alexandra Burghardt|Lisa Mayer| Gina Lückenkemper| Rebekka Haase| Sophia Junk
59%
Handball Rune Dahmke|Justus Fischer| Johannes Golla| Marko Grgić| Kai Häfner| Sebastian Heymann| Tim Hornke| Juri Knorr| Jannik Kohlbacher| Julian Köster| Lukas Mertens| David Späth| Christoph Steinert| Renārs Uščins| Luca Witzke| Andreas Wolff
55%
Schwimmen Isabel Gose
52%
Leichtathletik Malaika Mihambo
52%
Reiten Michael Jung
52%
Basketball Svenja Brunckhorst|Sonja Greinacher| Marie Reichert| Elisa Mevius
52%
Rudern Oliver Zeidler
48%
Reiten Christian Kukuk
45%
Hockey Jean-Paul Danneberg|Mats Grambusch| Tom Grambusch| Johannes Große| Malte Hellwig| Teo Hinrichs| Paul-Philipp Kaufmann| Moritz Ludwig| Marco Miltkau| Hannes Müller| Mathias Müller| Gonzalo Peillat| Thies Prinz| Christopher Rühr| Niklas Wellen| Justus Weigand| Lukas Windfeder| Martin Zwicker
45%
Reiten Jessica von Bredow-Werndl
45%
Beachvolleyball Nils Ehlers|Clemens Wickler
45%
Triathlon Tim Hellwig|Lisa Tertsch| Lasse Lührs| Laura Lindemann
45%
Leichtathletik Yemisi Ogunleye
45%
Bahnradsport Lea Sophie Friedrich
41%
Bahnradsport Lea Sophie Friedrich|Pauline Grabosch| Emma Hinze
41%
Leichtathletik Leo Neugebauer
41%
Bogenschießen Michelle Kroppen|Florian Unruh
41%
Kanuslalom Elena Lilik
38%
Boxen Nelvie Tiafack
38%
Judo Miriam Butkereit
31%
Rhythmische Sportgymnastik Darja Varfolomeev
28%
Golf Esther Henseleit
28%
Kanurennsport Max Rendschmidt|Max Lemke| Jacob Schopf| Tom Liebscher-Lucz
24%
Schwimmen Oliver Klemet
24%
Kanurennsport Max Lemke|Jacob Schopf
21%
Kanuslalom Noah Hegge
21%
Kanurennsport Paulina Paszek|Jule Hake
17%
Kanurennsport Paulina Paszek|Jule Hake| Pauline Jagsch| Sarah Brüßler
17%
Rudern Maren Völz|Tabea Schendekehl| Leonie Menzel| Pia Greiten
3%
Keine übereinstimmenden Quizze gefunden
Verteilung der Resultate
Anzahl Personen mit jedem Resultat
Perzentil nach korrekt beantworteten Fragen
Ihre Resultats-Entwicklung
Sie haben dieses Quiz noch nicht gespielt